Akta Mahkamah Kehakiman 1964 (Disemak - 1972) (Akta 91) : (Record no. 4737)

000 -LEADER
fixed length control field nam a22 a 4500
003 - CONTROL NUMBER IDENTIFIER
control field AKMAL
005 - DATE AND TIME OF LATEST TRANSACTION
control field 20170801113634.0
008 - FIXED-LENGTH DATA ELEMENTS--GENERAL INFORMATION
fixed length control field 170108s2017 my | e l 000 0 may d
020 ## - INTERNATIONAL STANDARD BOOK NUMBER
Terms of availability RM 18.00
082 04 - DEWEY DECIMAL CLASSIFICATION NUMBER
Classification number 347.595013 MAL
Edition number 22
090 00 - LOCALLY ASSIGNED LC-TYPE CALL NUMBER (OCLC); LOCAL CALL NUMBER (RLIN)
Classification number (OCLC) (R) ; Classification number, CALL (RLIN) (NR) 347.595013
Local cutter number (OCLC) ; Book number/undivided call number, CALL (RLIN) MAL
110 1# - MAIN ENTRY--CORPORATE NAME
Corporate name or jurisdiction name as entry element Malaysia
9 (RLIN) 400
245 10 - TITLE STATEMENT
Title Akta Mahkamah Kehakiman 1964 (Disemak - 1972) (Akta 91) :
Remainder of title (pindaan hingga Mac 2017) /
Statement of responsibility, etc. Disusun semula oleh Penasihat Undang-Undang Mdc
260 ## - PUBLICATION, DISTRIBUTION, ETC.
Place of publication, distribution, etc. Kuala Lumpur:
Name of publisher, distributor, etc. Mdc Publishers,
Date of publication, distribution, etc. 2017.
300 ## - PHYSICAL DESCRIPTION
Extent 61ms. ;
Dimensions 27cm.
490 1# - SERIES STATEMENT
Series statement Undang-undang Malaysia
650 10 - SUBJECT ADDED ENTRY--TOPICAL TERM
Topical term or geographic name entry element Court administration
Geographic subdivision Malaysia
9 (RLIN) 8757
650 20 - SUBJECT ADDED ENTRY--TOPICAL TERM
Topical term or geographic name entry element Courts
General subdivision Law and legislation
Geographic subdivision Malaysia
9 (RLIN) 8758
830 #0 - SERIES ADDED ENTRY--UNIFORM TITLE
Uniform title UNDANG-UNDANG MALAYSIA
9 (RLIN) 9060
942 ## - ADDED ENTRY ELEMENTS (KOHA)
Source of classification or shelving scheme
Koha item type Book
950 ## - LOCAL HOLDINGS (RLIN)
Permanent shelving location, LOC (RLIN) AKMAL
Holdings
Withdrawn status Lost status Source of classification or shelving scheme Damaged status Not for loan Collection code Home library Current library Shelving location Date acquired Inventory number Total Checkouts Full call number Barcode Date last seen Date last checked out Price effective from Koha item type
          NON-FICTION AKMAL Melaka AKMAL Melaka PINJAMAN 01.08.2017 307084 1 347.595013 MAL 201707363 16.06.2023 12.06.2023 01.08.2017 Book
Pusat Sumber Maklumat Dato' Haji Sarmin Md Hussin, Akademi Kastam Diraja Malaysia, Melaka
Tel: 06-2331106 | Faks: 06-2313787